00669cam a2200181 a 45000010005000000030009000050050017000140080041000310400028000720820022001001000023001222450117001452500012002622600119002743000045003935000020004386500029004585287BD-DhUAP20201116155348.0201116s1981 bg a b f000 0 eng  aDLCcDLCdBD-DhUAPbEng 223a930.15492 AHM aAhmed, Nazimuddin.00aMahasthan :ba preliminary report of the recent archaeological excavations at mahasthangare /cNazimuddin Ahmed. a3rd ed. aDhaka :bDept. of Archaeology, Ministry of Cultural Affairs, Govt. of the People's Republic of Bangladesh,cc1981. avarious pages :billustrations ;c28 cm. aIncludes index. 0aArchaeologyzBangladesh.